Регионална библиотека "Любен Каравелов" - Русе

Христоматия по история на България (Запис номер 186999)

MARC детайли
000 -Лидер
Контролно поле с фиксирана дължина 01782nam a2200337 a 4500
003 - Код на организацията, давaща контролен номер
Контролно поле BLK
005 - Дата и час на последна редакция
Контролно поле 20230804094021.0
008 - Елементи от данни с фиксирана дължина
fixed length control field 180411b bul|||||r ||||||| ||bul||
010 ## - Наследен системен номер
LC control number KNG00196003000
040 ## - Източник на каталожния запис
Идентификатор на билиотеката - собственик на записа BLK
041 ## - Код за език
Код за езика на текст/звукозапис или на отделно заглавие Български
Код за езика КДБФ Български
080 ## - УДК
Текстов определител УДК Период на феодализма в българските земи (VII век -I пол. на XVIII век)
УДК код - определител по УДК 94(497.2)"06/17"
УДК определител (075.8)
УДК - код + определител 94(497.2)"06/17"(075.8)
080 ## - УДК
Текстов определител УДК България през периода на развития феодализъм (1018-1396)
УДК код - определител по УДК 94(497.2)"1018/1396"
УДК определител (075.8)
УДК - код + определител 94(497.2)"1018/1396"(075.8)
139 ## - Редно поле
Редна дума Петров, Петър Христов и др.
Авторски знак Петро - П 47
245 10 - Сведения за заглавието
Заглавие Христоматия по история на България
Подзаглавни данни За студентите от СУ Климент Охридски : Т. 1 -
Редно поле (дума) състав. Петър Петров, Васил Гюзелев.
Том Т. 2
Заглавие на том Същинско средновековие (краят на ХІІ - ХІV в.)
257 ## - Страна на издаване
Страна на създаване/издаване България
260 ## - Област на издателските данни
Име на издателя, разпространителя и проч. Наука и изкуство
Година на издаване 1978 -
Място на издаване, разпространение и проч. София
300 ## - Физическа характеристика
Размери/Мащаб 22 см
380 ## - Жанр
Жанр История
500 ## - Общи забележки
Забележка 12 078 тир.
650 #4 - Допълнително описание по предмет – тема
Основно описание – тема или топоним България - история, средни векове - учебници за ВУЗ
9 (RLIN) 247875
653 #0 - Ключова дума – ненормативна
9 (RLIN) 395677
Ключова дума история на България
700 1# - Други автори (авторска отговорност)
Лично име Петров, Петър Христов
Автороска отговорност (Описва отношението между автора и произведението) състав.
9 (RLIN) 365020
700 1# - Други автори (авторска отговорност)
Лично име Гюзелев, Васил Тодоров
Автороска отговорност (Описва отношението между автора и произведението) състав.
9 (RLIN) 364355
760 1# - Описание на основната серия
Място на издаване, издател и година 1978
Страници - том 480 с.
Заглавие Т. 2 Същинско средновековие (краят на ХІІ - ХІV в.)
852 ## - Местоположение
Форматна сигнатура Цб 93150
Фондова буква Хранилище
856 4# - Електронен адрес и достъп
Електронен формат pdf - файл
Инструкция (цена за достъп) 0.00
Права за достъп disable
856 4# - Електронен адрес и достъп
Електронен формат pdf - файл
Инструкция (цена за достъп) 0.00
Права за достъп disable
999 ## - СИСТЕМНИ КОНТРОЛНИ НОМЕРА
Koha biblionumber 186999
Koha biblioitemnumber 186999
942 ## - АРТИКУЛИ
Вид на библиотечния материал Книги
Скрит в OPAC Не
Koha issues (borrowed), all copies 4
Периодичен библиозапис Да
944 ## - СЪЗДАВАНЕ И РЕДАКЦИЯ на ЗАПИСА
Създаване/Редакция Създаване
Дата на регистрацията/редакция 14.11.2016
Служител, извършил регистрацията/редакцията 30535
Статус, дата на статуса Христина Везирева
Наличности
Код за отписване Код за изгубен артикул Източник на класификационната схема Код за повреда Коз за рестрикции Код за отдаване Артикулен № Име на библиотеката - собственик Име на библиотеката, в която се намира в момента Статус (Текущо местоположение) Дата на вписване в системата Местоположение - отдел Цена в лева Инвентарен номер Систематично азбучна сигнатура Баркод Номер на екземпляра Цена в евро Служебна бележка Служебен тип на артикула
  Не е изгубен Universal Decimal Classification Не е повреден само за читалня ползва се в читалня 326156 Регионална библиотека "Любен Каравелов" Русе Регионална библиотека "Любен Каравелов" Русе Хранилище 1978-01-01 Хранилище 1.78 269735 Цб 93150 120000269735 1 0.91 N: стар фонд Дата: 01.01.1978 Книги
Изтеглен Не е изгубен Universal Decimal Classification Не е повреден без рестрикции заемане за дома 326157 Регионална библиотека "Любен Каравелов" Русе Регионална библиотека "Любен Каравелов" Русе Заемна - подръчен фонд 1978-01-01 Заемна - подръчен фонд 1.78 271842 П 949.72.03/П 47 271842 2 0.91 N: стар фонд Дата: 01.01.1978 Дата инв: 07.02.2018 Бележки инв: П2018 Книги
Изтеглен Не е изгубен Universal Decimal Classification Не е повреден без рестрикции заемане за дома 326158 Регионална библиотека "Любен Каравелов" Русе Регионална библиотека "Любен Каравелов" Русе Заемна - подръчен фонд 1978-01-01 Заемна - подръчен фонд 1.78 271843 П 949.72.03/П 47 271843 3 0.91 N: стар фонд Дата: 01.01.1978 Дата инв: 07.02.2018 Бележки инв: П2018 Книги
Изтеглен Не е изгубен Universal Decimal Classification Не е повреден без рестрикции заемане за дома 326159 Регионална библиотека "Любен Каравелов" Русе Регионална библиотека "Любен Каравелов" Русе Заемна - подръчен фонд 1978-01-01 Заемна - подръчен фонд 1.78 271844 П 949.72.03/П 47 271844 4 0.91 N: стар фонд Дата: 01.01.1978 Книги
Изтеглен Не е изгубен Universal Decimal Classification Не е повреден без рестрикции заемане за дома 326160 Регионална библиотека "Любен Каравелов" Русе Регионална библиотека "Любен Каравелов" Русе Заемна - подръчен фонд 1978-01-01 Заемна - подръчен фонд 1.78 271845 П 94(497.2)/Х 83 271845 5 0.91 N: стар фонд Дата: 01.01.1978 Дата инв: 19.02.2018 Бележки инв: П2018 Книги
  Не е изгубен Universal Decimal Classification Не е повреден без рестрикции заемане за дома 326161 Регионална библиотека "Любен Каравелов" Русе Регионална библиотека "Любен Каравелов" Русе Заемна - подръчен фонд 1978-01-01 Заемна - подръчен фонд 1.78 271846 П 94(497.2)/Х 83 120000271846 6 0.91 N: стар фонд Дата: 01.01.1978 Дата инв: 07.02.2018 Бележки инв: П2018 Книги
Vip Innovations Ltd, Rousse, Bulgaria 2025